000 00740nam a22001817a 4500
999 _c61375
_d61375
005 20240226165415.0
008 240226s2014 ru ||||| |||| 00| 0 rus d
020 _a9785883373281
041 _arus
080 _a811.161.1 Я-74
100 _aЯркина, Л.
_921295
245 _aРазговоры о жизни:
_bУчебный комплекс по развитию речи для иностранцев, изучающих русский язык: Рабочая тетрадь
_cЛ.П. Яркина, И. А. Пугачев.
264 _aМосква,
_c2014.
300 _a200 стр. ;
_b25 см.
653 _aრუსული ენა
700 _aПугачев, И. А.
_eავტორი
_921296
942 _2udc
_cQSR